[Event "Haringey master tournament"]
[Site "London"]
[Date "1989.07.??"]
[White "Iclicki, Willy"]
[Black "Polaczek, Richard"]
[Result "0-1"]
[WhiteElo "2255"]
[BlackElo "2400"]
[BlackTitle "FM"]
[Source "ChessBase"]
[Round "?"]

1. d4 Nf6 2. c4 e6 3. Nc3 Bb4 4. e3 O-O 5. Bd3 d5 6. cxd5 exd5 7. Ne2 Re8
8. O-O Nbd7 9. a3 Bf8 10. Nf4 Nb6 11. h3 a5 12. b3 c6 13. Bd2 Bd6 14. g4 Ne4
15. Nce2 Nxd2 16. Qxd2 Qe7 17. a4 Nd7 18. Ng3 Nf6 19. Bf5 Ne4 20. Nxe4 dxe4
21. Bxc8 Raxc8 22. Ng2 h5 23. Qe2 Qe6 24. f4 exf3 25. Qxf3 hxg4 26. Qxg4 Qxg4
27. hxg4 Re4 28. Rf5 c5 29. Rc1 b6 30. Rd5 Rc6 31. g5 Be7 32. Rf5 Rg4 33. Rcf1
Bxg5 34. Kf2 g6 35. Rf3 cxd4 36. Ne1 dxe3+ 37. Ke2 f5 0-1

[Event "Haringey master tournament"]
[Site "London"]
[Date "1989.07.??"]
[White "Iclicki, Willy"]
[Black "Shrentzel, Mordechai"]
[Result "1-0"]
[WhiteElo "2255"]
[BlackElo "2325"]
[BlackTitle "FM"]
[Source "ChessBase"]
[Round "?"]

1. d4 Nf6 2. c4 e5 3. dxe5 Ng4 4. Bf4 Bb4+ 5. Nd2 Nc6 6. Nf3 Qe7 7. a3 Ngxe5
8. Nxe5 Nxe5 9. e3 Bxd2+ 10. Qxd2 d6 11. Rc1 O-O 12. c5 dxc5 13. Qd5 Ng6
14. Bg3 c6 15. Qxc5 Qxc5 16. Rxc5 Be6 17. Be2 Rad8 18. h4 Ne7 19. Be5 f6
20. Bf4 Nd5 21. Bg3 Rd7 22. O-O Rfd8 23. Bc4 Kf7 24. Bxd5 Rxd5 25. Rxd5 Rxd5
26. Rc1 Rd2 27. b4 Bb3 28. Rc3 Ba4 29. Bb8 a6 30. Ba7 Bb5 31. g3 Ke6 32. Kg2
Kd5 33. Rc5+ Ke4 34. Rc3 Be2 35. g4 1-0